000 00695nam a2200241Ia 4500
003 OSt
005 20220923211808.0
006 a|||||r|||| 00| 0
007 ta
008 220922b |||||||| |||| 00| 0 hin d
024 _a57,255
037 _cTextual
040 _aARTS
_cARTS
_bhin
041 _2hin
_ahin
082 _aQ1v, 152M7
100 _aशर्मा, राममूर्ति
245 0 _aवैदिक-साहित्य का इतिहास
246 _aVaidika-sāhitya kā itihāsa
260 _c1987
300 _a176p.
_ccm.
942 _hQ1v, 152M7
_cTEXL
_2CC
999 _c303692
_d303692